000 00544 a2200181 4500
001 139330
040 _cLeonardo Da Vinci
041 _aPortuguês
082 _a956.94 L645i
_bL645i
100 _aLEVIN, Meyer
245 _aIsrael
_bde Abraão a Dayan
260 _bDinal
_c1967
_aRio de Janeiro
300 _a235
362 _a19670000
500 _aLeda Maria Miranda (Tradução)
697 _aHistória de Isrel
_aHistória
_aIsrael
_aOriente Médio
_aReligião
_aCultura
_aRothschild
_aChalutzim
_aKibbutzim
_aGuerra
_aJudaísmo
942 _cBK
999 _c139330
_d139330